Marketing maloobchodnej prevádzky diplomová práca

Salvato in:
Dettagli Bibliografici
Autore principale: Tkáč, Miroslav, 1987-
Ente Autore: Podnikovohospodárska fakulta EU so sídlom v Košiciach. Katedra obchodného podnikania
Altri autori: Petrovčiková, Katarína, 1977-
Natura: Libro
Lingua:slovacco
Pubblicazione: Košice 2018
Tags: Aggiungi Tag
Nessun Tag, puoi essere il primo ad aggiungerne!!

MARC

LEADER 00000nbm a2200000 4500
001 0244067
005 20240627113429.4
041 0 |a slo 
044 |a SK 
245 1 0 |a Marketing maloobchodnej prevádzky  |b diplomová práca  |c Miroslav Tkáč ; školiteľ: Katarína Petrovčiková 
264 1 |a Košice  |c 2018 
300 |a 75 s. 
100 1 |a Tkáč, Miroslav, 1987- 
700 1 |a Petrovčiková, Katarína, 1977- 
710 2 |a Podnikovohospodárska fakulta EU so sídlom v Košiciach. Katedra obchodného podnikania